Micro economics: (Record no. 28436)

MARC details
000 -LEADER
fixed length control field 00862nam a22002177a 4500
005 - DATE AND TIME OF LATEST TRANSACTION
control field 20090720105655.0
008 - FIXED-LENGTH DATA ELEMENTS--GENERAL INFORMATION
fixed length control field 090720t xxu||||| |||| 00| 0 eng d
010 ## - LCCN (DPL NO)
LC control number ENG-94485
020 ## - INTERNATIONAL STANDARD BOOK NUMBER
International Standard Book Number 9788190755979
Terms of availability 90.00
035 ## - SYSTEM CONTROL NUMBER
System control number EN-78018
037 ## - SOURCE OF ACQUISITION
Source of stock number/acquisition DBAD / PUB
040 ## - CATALOGING SOURCE
Original cataloging agency dpl
Language of cataloging English
082 ## - DEWEY DECIMAL CLASSIFICATION NUMBER
Classification number 338.5
100 ## - MAIN ENTRY--PERSONAL NAME
Personal name Balakrishnan, S
245 ## - TITLE STATEMENT
Title Micro economics:
Statement of responsibility, etc by S. Balakrishnan
Remainder of title for graduate and post-graduate classes of Indian univefstities and SLET, NET and UGC examinations /
260 ## - PUBLICATION, DISTRIBUTION, ETC. (IMPRINT)
Place of publication, distribution, etc Nagerocil,
Name of publisher, distributor, etc Nalini Publications
Date of publication, distribution, etc 2008
270 ## - ADDRESS
Address Melasoorankudy
City Nagercoil
Postal code 4
300 ## - PHYSICAL DESCRIPTION
Extent xxi, 224p.
Dimensions 24cm(pbk)
942 ## - ADDED ENTRY ELEMENTS (KOHA)
Source of classification or shelving scheme Dewey Decimal Classification
Item type English Books
Call number suffix BAL
Classification part 338.5
Holdings
Withdrawn status Lost status Source of classification or shelving scheme Damaged status Not for loan Collection code Home library Current library Date acquired Source of acquisition Cost, normal purchase price Total Checkouts Full call number Barcode Date last seen Copy number Cost, replacement price Koha item type
    Dewey Decimal Classification   Not For Loan Non-fiction D.B.Act.Division D.B.Act.Division 20/07/2009 DBAD / PUB 90.00   338.5 BAL EN-78018 20/07/2009 1 90.00 English Books

© Delhi Public Library
Hit Counter
free hit counter